Frequency of Letters in Titles of All 1M+ JetPunk Featured Quizzes - Statistics

General Stats
  • This quiz has been taken 20 times
  • The average score is 17 of 23
Answer Stats
# Letter % Correct
51 A
95%
74 T
95%
27 C
89%
17 D
89%
49 E
89%
52 I
89%
21 L
89%
36 N
89%
47 O
89%
39 R
89%
57 S
89%
40 U
89%
17 F
84%
17 M
84%
17 P
74%
16 Z
63%
14 H
53%
15 Q
53%
12 B
47%
12 W
47%
1 K
42%
10 Y
37%
4 G
32%
No matching quizzes found
Score Distribution
Percent of People with Each Score
Percentile by Number Answered
Your Score History
You have not taken this quiz